000 00609nam a2200205Ia 4500
005 20250508150131.0
008 008 250505s9999 xx 000 0 eng d
037 _aTextual
040 _aFEDL
_beng
_cFEDL
041 _aeng
_2eng
084 _a551, FIN
_qFEDL
100 _aFinch Vernor C
_994153
245 0 _aElements of geography: Physical and cultural
260 _aNew York, USA
_bMcGraw-Hill Book Company
_c1942
300 _axii,823p.
490 _aMcGraw-Hill series in geography
700 _a Trewartha Glenn T
_9756106
942 _cTEXL
_h551, FIN
999 _c1321917
_d1321917